SIAM Journal on applied mathematics

Salvato in:
Dettagli Bibliografici
Natura: Periodico
Pubblicazione: 1997
Tags: Aggiungi Tag
Nessun Tag, puoi essere il primo ad aggiungerne!!

MARC

LEADER 00000nas a22000003a 4500
001 stu69799
005 20141122000856.7
008 011106s1997----------------------------d
040 |a STU  |b slo 
041 0
245 |a SIAM Journal on applied mathematics 
260 |c 1997 
500 |a 1997 
500 |a 6 
500 |a 1-6 
773 0 |t SIAM Journal on applied mathematics  |w stu_us_cat*stu60242  |x 0036-1399  |7 nnas 
996 |d Vol. 57, 1997  |v Vol. 57  |y 1997  |l EE0103  |s A  |a 24  |w stu69799_0001